| 000 | 00000nam 2200000zi 4500 |
| 001 | 9.945509 |
| 003 | CaOODSP |
| 005 | 20241125115613 |
| 006 | m o d f |
| 007 | cr |n||||||||| |
| 008 | 241125s1971 onc o f000 0 eng d |
| 040 | |aCaOODSP|beng|erda|cCaOODSP |
| 043 | |an-cn--- |
| 086 | 1 |aCP32-13/1971E-PDF|zCP32-13/1971 |
| 100 | 1 |aRitchie, Ronald S.,|d1927- |eauthor. |
| 245 | 13|aAn institute for research on public policy : |ba study and recommendations / |cby Ronald S. Ritchie. |
| 264 | 1|aOttawa : |b[Privy Council Office], |c1971. |
| 300 | |a1 online resource (x, 95 pages) |
| 336 | |atext|btxt|2rdacontent |
| 337 | |acomputer|bc|2rdamedia |
| 338 | |aonline resource|bcr|2rdacarrier |
| 500 | |aDigitized edition from print [produced by Government of Canada Publications Directorate]. |
| 500 | |aIssued also in French under title: Un institut de recherches politiques : étude et recommendations. |
| 500 | |a"A study prepared for the Government of Canada." |
| 500 | |a"December 1969." |
| 650 | 0|aPolicy sciences|zCanada. |
| 650 | 0|aSocial sciences|xResearch|zCanada. |
| 650 | 0|aEconomics|xResearch|zCanada. |
| 650 | 0|aPolitical science|xResearch|zCanada. |
| 651 | 0|aCanada|xEconomic policy. |
| 710 | 1 |aCanada. |bPrivy Council Office, |eissuing body. |
| 775 | 08|tUn institut de recherches politiques : |w(CaOODSP)9.945512 |
| 856 | 40|qPDF|s5.72 MB|uhttps://publications.gc.ca/collections/collection_2024/bcp-pco/CP32-13-1971-eng.pdf |